000 00724nam a2200205Ii 4500
003 JO-AjNU
008 230606s9999||||xx |||||||||||||| ||und||
040 _aJO-AjNU
_beng
_erda
_cJO-AjNU
041 _aeng
050 1 4 _aHQ 981 2006
100 3 _aAl-Khaffaf,Abd Ali /Atrooh,Abdulhakim / Ali,Radhiya Shamshir ؛ translated: Abdullah Alkaff,
_eauthor
_93566
245 0 0 _aPolygamy & its Effects on the family and society in Yemen
250 _a1 ed
264 3 1 _aAden: Aden University Printing and Publishing House, 2006
300 _a158p
_b Includes indexes(p153-158)
336 _atext
_btxt
_2rdacontent
337 _aunmediated
_bn
_2rdamedia
338 _avolume
_bnc
_2rdacarrier
650 4 _aPolygamy - Yemen
_93567
999 _aE1861
_c1861
_d1861